000 00497nam a22001817a 4500
005 20260511131616.0
008 260511b |||||||| |||| 00| 0 eng d
020 _a9788120416062
_c595.00
040 _aMAIN
041 _aEnglish
082 _a333.95
_bKRI
100 _aKrishnamurthy, K.V.
_925175
245 _aAdvanced Textbook on Biodiversity
_b:Principles and Practice
260 _aNew Delhi
_bCBS
_c2023
300 _a260
650 _aEnvironment Science (PM USHA)
_926725
942 _cBK
999 _c60762
_d60762